Vineet Nayyar Learning Resource Centre

Electronic evidence in a nutshell (Record no. 18513)

MARC details
000 -LEADER
fixed length control field 00336 a2200133 4500
020 ## - INTERNATIONAL STANDARD BOOK NUMBER
ISBN 9789392135484
082 ## - DEWEY DECIMAL CLASSIFICATION NUMBER
Classification number 347.067
Item number NAR
100 ## - MAIN ENTRY--AUTHOR NAME
Personal name Narayana, P S
245 ## - TITLE STATEMENT
Title Electronic evidence in a nutshell
260 ## - PUBLICATION, DISTRIBUTION, ETC. (IMPRINT)
Place of publication Hyderabad:
Name of publisher Asia law house,
Year of publication 2022.
300 ## - PHYSICAL DESCRIPTION
Number of Pages lxxxvii, 392p.
700 ## - ADDED ENTRY--PERSONAL NAME
Personal name Prasad, Jagadish Chandra
942 ## - ADDED ENTRY ELEMENTS (KOHA)
Koha item type Books
Holdings
Collection code Home library Current library Shelving location Date acquired Source of acquisition Cost, normal purchase price Full call number Accession Number Koha item type
Law Mahindra University School of Law Mahindra University School of Law General Stacks 08/01/2026 Asia Law House 630.00 347.067 NAR L6399 Reference
Law Mahindra University School of Law Mahindra University School of Law General Stacks 08/01/2026 Asia Law House 630.00 347.067 NAR L6400 Books
Law Mahindra University School of Law Mahindra University School of Law General Stacks 08/01/2026 Asia Law House 630.00 347.067 NAR L6401 Books